000 00253nam a2200109Ia 4500
008 200302s9999 xx 000 0 und d
100 _aTrewin Copplestone
245 _aBehind Facades
260 _bMacmillan Press Ltd.
260 _c1995
300 _a79 P.,
999 _c1032
_d1032